000 00888nam a2200229 u 4500
001 000318310
003 AM-YeHGA
005 20250618072024.0
008 040316s1970 ai r 000 0 arm d
040 _aAM-YeHGA
041 0 _aarm
080 _aAp2
090 _aՄ-91
100 1 _aՄովսիսյան, Գեղեցիկ Հովհաննեսի
245 1 0 _aՌուզանի տիկնիկը հիվանդ է :
_b[Պատմվածքներ] /
_cԳ.Հ. Մովսիսյան; Խմբ.՝ Ռ.Հ. Քալաշյան; Նկ.՝ Ա.Պ. Մամաջանյան.
260 _aԵրևան :
_bՀայաստան,
_c1970.
300 _a14 էջ :
_bնկ. ;
_c26 սմ.
650 1 4 _aՀայ մանկական գրականություն
_xՊատմվածք
700 1 _aՔալաշյան, Ռ.Հ.
_eխմբ.
_4edt
700 1 _aՄամաջանյան, Աշոտ Պետրոսի,
_d1908-1994
_eնկ.
_4art
_91426
090 _c119505
999 _c118157
_d118157